[Event "World Rapid Women 2018"]
[Site "St Petersburg RUS"]
[Date "2018.12.27"]
[Round "7.22"]
[White "Vasilevich, Irina"]
[Black "Mamedjarova, Turkan"]
[Result "1-0"]
[WhiteTitle "IM"]
[BlackTitle "WGM"]
[WhiteElo "2258"]
[BlackElo "2295"]
[WhiteFideId "4141296"]
[BlackFideId "13402005"]
[EventDate "2018.12.26"]

1. c4 e6 2. Nc3 d5 3. e3 Nf6 4. Nf3 c6 5. b3 Bd6 6. Bb2 O-O 7. Qc2 Nbd7 8. g4
Nxg4 9. Rg1 f5 10. h3 Ngf6 11. cxd5 exd5 12. Nd4 Ne5 13. f4 Ng6 14. O-O-O Ne4
15. Nxe4 fxe4 16. Be2 Qh4 17. Bg4 Rf7 18. Qc3 Qe7 19. Bh5 Rf6 20. Bxg6 hxg6 21.
Rg3 Bd7 22. Rdg1 Be8 23. Kb1 a5 24. h4 Bb4 25. Qc2 Ra6 26. h5 c5 27. Ne2 d4 28.
exd4 Bb5 29. Nc1 cxd4 30. Bxd4 Rfc6 31. Rxg6 Rxg6 32. Rxg6 Rxg6 33. hxg6 Bc6 34.
Qc4+ Kf8 35. f5 Qd7 36. f6 gxf6 37. Bxf6 Qd5 38. Qf1 Bb5 39. Qh3 Qg8 40. Qc8+
Be8 41. g7+ Kf7 42. Qc4+ Kg6 43. Qxg8 1-0

[Event "World Rapid Women 2018"]
[Site "St Petersburg RUS"]
[Date "2018.12.27"]
[Round "7.23"]
[White "Gaponenko, Inna"]
[Black "Munkhzul, Turmunkh"]
[Result "1-0"]
[WhiteTitle "IM"]
[BlackTitle "WFM"]
[WhiteElo "2420"]
[BlackElo "2255"]
[WhiteFideId "14101181"]
[BlackFideId "4901878"]
[EventDate "2018.12.26"]

1. e4 c5 2. c3 Nf6 3. e5 Nd5 4. Nf3 Nc6 5. d4 cxd4 6. cxd4 d6 7. Bc4 Nb6 8. Bb5
dxe5 9. Nxe5 Bd7 10. Nxd7 Qxd7 11. Nc3 e6 12. O-O Rd8 13. a4 a6 14. Bxc6 Qxc6
15. Bg5 Rd7 16. Rc1 Be7 17. Bxe7 Rxe7 18. a5 Nd5 19. Nxd5 Qxd5 20. Rc8+ Qd8 21.
Rxd8+ Kxd8 22. Qg4 f5 23. Qf4 Kd7 24. d5 exd5 25. Qxf5+ Kd6 26. Qf4+ Re5 27.
Qb4+ Ke6 28. Qxb7 Rd8 29. f4 Re4 30. Qxg7 Rd7 31. f5+ Kd6 32. Qg3+ Ke7 33. f6+
Kf8 34. Qh3 Rc7 35. Qh6+ Kg8 36. Qg5+ Kf8 37. Qxd5 Rec4 38. f7 1-0

[Event "World Rapid Women 2018"]
[Site "St Petersburg RUS"]
[Date "2018.12.27"]
[Round "7.24"]
[White "Tsolakidou, Stavroula"]
[Black "Michna, Marta"]
[Result "1/2-1/2"]
[WhiteTitle "IM"]
[BlackTitle "WGM"]
[WhiteElo "2387"]
[BlackElo "2333"]
[WhiteFideId "4264312"]
[BlackFideId "1106686"]
[EventDate "2018.12.26"]

1. e4 e6 2. b3 d5 3. Bb2 Nf6 4. e5 Nfd7 5. Qg4 c5 6. f4 Nc6 7. Nf3 a6 8. Be2 b5
9. Nc3 Ne7 10. O-O g6 11. a4 b4 12. Nd1 h5 13. Qh3 Bh6 14. g3 Nf5 15. Ne3 Bg7
16. Rfd1 d4 17. Nxf5 exf5 18. c3 d3 19. Bxd3 Nxe5 20. Nxe5 Bxe5 21. Qg2 Qxd3 22.
Qxa8 O-O 23. fxe5 Be6 24. Qg2 Bd5 25. Qf1 Qe4 26. c4 Qh1+ 27. Kf2 Qf3+ 28. Ke1
Qe4+ 29. Qe2 Qh1+ 30. Qf1 Qe4+ 31. Qe2 1/2-1/2

[Event "World Rapid Women 2018"]
[Site "St Petersburg RUS"]
[Date "2018.12.27"]
[Round "7.25"]
[White "Komiagina, Maria"]
[Black "Guichard, Pauline"]
[Result "1-0"]
[WhiteTitle "WIM"]
[BlackTitle "WGM"]
[WhiteElo "2234"]
[BlackElo "2378"]
[WhiteFideId "4153987"]
[BlackFideId "639370"]
[EventDate "2018.12.26"]

1. e4 e5 2. Nf3 Nc6 3. Bb5 a6 4. Ba4 g6 5. d4 b5 6. Bb3 exd4 7. Nxd4 Na5 8. Nf3
Nxb3 9. axb3 Bg7 10. Nc3 Bb7 11. Bg5 f6 12. Be3 Ne7 13. O-O O-O 14. Nd5 Nxd5 15.
exd5 Qe7 16. Qd2 Qe4 17. Rad1 Rae8 18. Rfe1 Qg4 19. h3 Qh5 20. c4 Re4 21. Bf4
Rxe1+ 22. Rxe1 c6 23. Re7 Rf7 24. d6 c5 25. Qa5 Bf8 26. Qd8 Bc6 27. Qe8 Rg7 28.
Nh2 Qd1+ 29. Re1 Qd4 30. Bh6 Qxd6 31. Bxg7 Kxg7 32. Ng4 bxc4 33. bxc4 Qf4 34.
Re7+ 1-0

[Event "World Rapid Women 2018"]
[Site "St Petersburg RUS"]
[Date "2018.12.27"]
[Round "7.26"]
[White "Styazhkina, Anna"]
[Black "Tokhirjonova, Gulrukhbegim"]
[Result "0-1"]
[WhiteTitle "WIM"]
[BlackTitle "WGM"]
[WhiteElo "2274"]
[BlackElo "2444"]
[WhiteFideId "24119300"]
[BlackFideId "14203626"]
[EventDate "2018.12.26"]

1. e4 e5 2. Nf3 Nc6 3. Bc4 Bc5 4. c3 Nf6 5. d3 a6 6. a4 d6 7. Na3 h6 8. Nc2 O-O
9. O-O Be6 10. Qe2 Bxc4 11. dxc4 Ne7 12. b4 Ba7 13. Rd1 Qc8 14. h3 Ng6 15. Be3
Nxe4 16. Ra3 Bxe3 17. Nxe3 Nf4 18. Qc2 Nf6 19. c5 Qe6 20. cxd6 cxd6 21. c4 Rac8
22. Rc3 Rfd8 23. Re1 Qd7 24. a5 g6 25. c5 e4 26. Nd2 d5 27. Rb3 Re8 28. Qb2 d4
29. Nec4 Nd3 30. Rxd3 exd3 31. Rd1 Rc6 32. Nf3 Re2 33. Qa1 Rce6 34. Rxd3 Qb5 35.
Rxd4 Qxb4 36. Ne3 Qxc5 37. Rd8+ Kg7 38. Nd4 R6xe3 39. fxe3 Rxe3 40. Kh1 Qe5 0-1

[Event "World Rapid Women 2018"]
[Site "St Petersburg RUS"]
[Date "2018.12.27"]
[Round "7.27"]
[White "Bivol, Alina"]
[Black "Garifullina, Leya"]
[Result "1-0"]
[WhiteTitle "WGM"]
[BlackTitle "WCM"]
[WhiteElo "2393"]
[BlackElo "2132"]
[WhiteFideId "4100123"]
[BlackFideId "34127035"]
[EventDate "2018.12.26"]

1. Nf3 d5 2. g3 Nf6 3. Bg2 e6 4. d4 Be7 5. c4 O-O 6. Qc2 Nbd7 7. O-O c6 8. b3 b6
9. Nbd2 Bb7 10. Bb2 c5 11. Rfd1 Rc8 12. Rac1 dxc4 13. bxc4 cxd4 14. Bxd4 Qc7 15.
Qb1 h6 16. e4 Bc5 17. Qa1 Bxd4 18. Nxd4 a6 19. N4b3 e5 20. Qb1 Nc5 21. Nxc5 Qxc5
22. Nf1 Ng4 23. Qb2 Rfd8 24. h3 Nf6 25. Ne3 Bxe4 26. Bxe4 Nxe4 27. Nd5 Rb8 28.
Rc2 Ng5 29. Kg2 Re8 30. h4 Ne4 31. Re1 Nd6 32. Ne3 Qc6+ 33. Kh2 Qf3 34. Kg1 Ne4
35. Nd5 b5 36. Qb3 Qg4 37. c5 Qg6 38. c6 Rbc8 39. Rec1 f5 40. Ne7+ Kh7 41. Nxg6
Kxg6 42. c7 Kh7 43. Qa3 Kh8 44. Qxa6 f4 45. Re1 Nf6 46. gxf4 e4 47. Rd1 Kh7 48.
Qxb5 Rf8 49. Qf5+ g6 50. Qxc8 Rxc8 51. Rd8 e3 52. Rxc8 exf2+ 53. Kxf2 g5 54. Rd8
Kg6 55. c8=Q Kh5 56. hxg5 Ng4+ 57. Kg3 Ne3 58. Qh3+ Kg6 59. Qxh6+ 1-0

[Event "World Rapid Women 2018"]
[Site "St Petersburg RUS"]
[Date "2018.12.27"]
[Round "7.28"]
[White "Nakhbayeva, Guliskhan"]
[Black "Atalik, Ekaterina"]
[Result "1-0"]
[WhiteTitle "IM"]
[BlackTitle "IM"]
[WhiteElo "2371"]
[BlackElo "2447"]
[WhiteFideId "13704788"]
[BlackFideId "4130189"]
[EventDate "2018.12.26"]

1. d4 Nf6 2. c4 g6 3. Nc3 d5 4. cxd5 Nxd5 5. e4 Nxc3 6. bxc3 Bg7 7. Qa4+ Nd7 8.
Nf3 O-O 9. Be2 c5 10. O-O Qc7 11. Bg5 Nf6 12. d5 Bg4 13. Rad1 Nh5 14. h3 Bd7 15.
Qc2 f6 16. Be3 Nf4 17. Bc4 Qd6 18. Bxf4 Qxf4 19. d6+ e6 20. Qb3 Kh8 21. Qxb7
Rad8 22. Bb5 Bxb5 23. Qxb5 f5 24. exf5 gxf5 25. Qxc5 e5 26. Rd5 Rc8 27. Qa5 e4
28. Ne5 e3 29. d7 Rb8 30. d8=Q exf2+ 31. Kh1 Rbxd8 32. Nf7+ Kg8 33. Nxd8 Qe3 34.
Rxf5 Qe2 35. Qd5+ Kh8 36. Rxf8+ Bxf8 37. Qd4+ 1-0

[Event "World Rapid Women 2018"]
[Site "St Petersburg RUS"]
[Date "2018.12.27"]
[Round "7.29"]
[White "Shuvalova, Polina"]
[Black "Badelka, Olga"]
[Result "0-1"]
[WhiteTitle "WIM"]
[BlackTitle "WIM"]
[WhiteElo "2441"]
[BlackElo "2385"]
[WhiteFideId "24171760"]
[BlackFideId "13509926"]
[EventDate "2018.12.26"]

1. e4 c5 2. Nf3 e6 3. c3 Nf6 4. e5 Nd5 5. d4 cxd4 6. cxd4 d6 7. Bc4 Nc6 8. O-O
Be7 9. Qe2 O-O 10. Rd1 Qc7 11. Bd2 dxe5 12. dxe5 Bd7 13. Nc3 Nxc3 14. Bxc3 Rfd8
15. Qe4 Be8 16. Bd3 g6 17. h4 Rd5 18. Bc4 Rxd1+ 19. Rxd1 Rd8 20. Rxd8 Qxd8 21.
g3 h5 22. Kg2 a6 23. a3 b5 24. Be2 Nb8 25. Nd4 Bc5 26. Kg1 Qc7 27. Bf3 Bxa3 28.
bxa3 Qxc3 29. Kg2 Nd7 30. g4 hxg4 31. Bxg4 Nc5 32. Qf4 Nd3 33. Qe4 Qd2 34. Ne2
Qc2 35. Kh2 Bc6 36. Qd4 Bd5 37. h5 gxh5 38. Bxh5 Qc4 39. Qxc4 Bxc4 40. f4 a5 41.
Kg3 b4 42. axb4 axb4 43. Bf3 Nc5 44. Kf2 b3 45. Nc3 b2 46. Ke3 Ba2 47. f5 Na4 0-1

[Event "World Rapid Women 2018"]
[Site "St Petersburg RUS"]
[Date "2018.12.27"]
[Round "7.30"]
[White "Ambartsumova, Karina"]
[Black "Solozhenkina, Elizaveta"]
[Result "1-0"]
[WhiteTitle "WGM"]
[BlackTitle "WIM"]
[WhiteElo "2383"]
[BlackElo "2258"]
[WhiteFideId "4166299"]
[BlackFideId "34106615"]
[EventDate "2018.12.26"]

1. c4 e6 2. Nc3 d5 3. d4 Be7 4. Bf4 Nf6 5. e3 O-O 6. a3 b6 7. Nb5 Na6 8. Qc2 Bb7
9. Nf3 c6 10. Nc3 dxc4 11. Bxc4 b5 12. Bd3 b4 13. Ne4 Nxe4 14. Bxe4 h6 15. O-O
Rc8 16. Ne5 f5 17. Bf3 g5 18. Bg3 Qe8 19. h3 h5 20. Qc4 Bd6 21. axb4 g4 22. Be2
Nxb4 23. Rxa7 Rb8 24. Nd3 Bxg3 25. Qxb4 c5 26. Qxc5 Bh4 27. Nf4 gxh3 28. Bxh5
Qd8 29. g3 Be7 30. Qe5 Rf6 31. Nxe6 Qb6 32. Qxb8+ Kh7 33. Qxb7 1-0

[Event "World Rapid Women 2018"]
[Site "St Petersburg RUS"]
[Date "2018.12.27"]
[Round "7.31"]
[White "Paramzina, Anastasya"]
[Black "Guseva, Marina"]
[Result "1-0"]
[WhiteTitle "WGM"]
[BlackTitle "IM"]
[WhiteElo "2229"]
[BlackElo "2408"]
[WhiteFideId "4165012"]
[BlackFideId "4149351"]
[EventDate "2018.12.26"]

1. e4 c5 2. Nf3 d6 3. d4 cxd4 4. Nxd4 Nf6 5. Nc3 a6 6. Be3 e5 7. Nf3 Be7 8. Bc4
Be6 9. Bb3 O-O 10. O-O h6 11. Nh4 Bxb3 12. axb3 Nxe4 13. Nxe4 Bxh4 14. Nxd6 Qc7
15. Nf5 Bg5 16. Bxg5 hxg5 17. Qd2 f6 18. Qd5+ Kh7 19. Rfd1 g6 20. Ne3 Kg7 21.
Qe6 Qf7 22. Qg4 Rh8 23. Rd6 a5 24. Rad1 Re8 25. Nd5 Ra6 26. Nxf6 Rf8 27. Qxg5
Rxd6 28. Rxd6 a4 29. Qxe5 Kh6 30. bxa4 Nc6 31. Qe3+ g5 32. Nd7+ 1-0

[Event "World Rapid Women 2018"]
[Site "St Petersburg RUS"]
[Date "2018.12.27"]
[Round "7.32"]
[White "Kovanova, Baira"]
[Black "Nebolsina, Vera"]
[Result "1/2-1/2"]
[WhiteTitle "WGM"]
[BlackTitle "WGM"]
[WhiteElo "2352"]
[BlackElo "2242"]
[WhiteFideId "4164083"]
[BlackFideId "4163591"]
[EventDate "2018.12.26"]

1. Nf3 g6 2. d4 Nf6 3. Bf4 Bg7 4. c4 d6 5. e3 Nh5 6. Bg5 h6 7. Bh4 g5 8. Nfd2
gxh4 9. Qxh5 c5 10. Nb3 Nc6 11. Qxh4 cxd4 12. exd4 a5 13. a4 Qb6 14. Qg3 Kf8 15.
c5 Qb4+ 16. N1d2 dxc5 17. Bc4 cxd4 18. O-O Ne5 19. Rac1 h5 20. Qf4 Rh6 21. Rfe1
Nxc4 22. Rxc4 Qd6 23. Qh4 Be6 24. Rc5 Bxb3 25. Nxb3 Re6 26. Rf1 d3 27. Rxh5 Kg8
28. Nd2 Qb4 29. Qg5 Rg6 30. Qe3 Qg4 31. Qh3 Rd8 32. b3 Qe2 33. Nb1 d2 34. Nxd2
Qxd2 35. Rb5 Qd7 36. Qf3 b6 37. g3 Qd3 38. Qb7 Qd6 39. Re1 Rd7 40. Qa8+ Kh7 41.
Rh5+ Rh6 42. Rg5 Rg6 43. Rh5+ Rh6 44. Rg5 Rg6 45. Rh5+ Rh6 1/2-1/2

[Event "World Rapid Women 2018"]
[Site "St Petersburg RUS"]
[Date "2018.12.27"]
[Round "7.33"]
[White "Buksa, Nataliya"]
[Black "Kabanova, Ekaterina"]
[Result "0-1"]
[WhiteTitle "IM"]
[BlackTitle "WFM"]
[WhiteElo "2410"]
[BlackElo "2095"]
[WhiteFideId "14123622"]
[BlackFideId "24112917"]
[EventDate "2018.12.26"]

1. d4 c5 2. dxc5 e6 3. e4 Bxc5 4. Nc3 a6 5. Nf3 Qc7 6. Be2 Be7 7. O-O d6 8. Nd4
Nf6 9. Be3 Nbd7 10. f4 b5 11. Bf3 Bb7 12. a3 Nc5 13. e5 dxe5 14. fxe5 Qxe5 15.
Bf4 Bxf3 16. Rxf3 Qh5 17. Nc6 Nce4 18. Nxe4 Nxe4 19. Nxe7 Qc5+ 20. Be3 Qxe7 21.
Qd4 f5 22. g4 O-O 23. gxf5 exf5 24. Qd5+ Kh8 25. Rxf5 Rxf5 26. Qxf5 Rf8 27. Qg4
Nf6 28. Qg3 Qe4 29. Bc5 Re8 30. c3 Qe2 31. Rf1 Re4 32. Qf3 Rg4+ 33. Kh1 Qxf3+
34. Rxf3 h5 35. Bd4 Ne4 36. h3 Rg5 37. Kh2 Kh7 38. Rf7 Nd6 39. b3 Nxf7 0-1

[Event "World Rapid Women 2018"]
[Site "St Petersburg RUS"]
[Date "2018.12.27"]
[Round "7.34"]
[White "Maltsevskaya, Aleksandra"]
[Black "Gritsayeva, Oksana"]
[Result "1-0"]
[WhiteTitle "WGM"]
[BlackTitle "WFM"]
[WhiteElo "2243"]
[BlackElo "2378"]
[WhiteFideId "24174041"]
[BlackFideId "14104652"]
[EventDate "2018.12.26"]

1. e4 e5 2. Nf3 Nc6 3. Bb5 g6 4. c3 a6 5. Ba4 d6 6. d4 Bd7 7. O-O Bg7 8. Bg5
Nge7 9. dxe5 dxe5 10. Nbd2 O-O 11. Nb3 f6 12. Nc5 Bc8 13. Be3 b6 14. Qb3+ Kh8
15. Rad1 Qe8 16. Ne6 Bxe6 17. Qxe6 Rd8 18. Bb3 h5 19. Qc4 Ra8 20. Qe6 Rd8 21.
Rxd8 Nxd8 22. Qc4 Qc6 23. Rd1 Qxc4 24. Bxc4 b5 25. Bb3 Nc8 26. Rd7 Nd6 27. Rxc7
Nxe4 28. Bd5 f5 29. Bxe4 fxe4 30. Ng5 Kg8 31. Ra7 Nf7 32. Nxf7 Rxf7 33. Rxa6 Rd7
34. h4 Kf7 35. g3 Rd1+ 36. Kg2 Rb1 37. b3 Rb2 38. Ra5 Bf6 39. Rxb5 Rxa2 40. Rb7+
Ke6 41. Rb6+ Kf7 42. c4 Be7 43. b4 Rc2 44. c5 Rc4 45. b5 Ke8 46. Rxg6 1-0

[Event "World Rapid Women 2018"]
[Site "St Petersburg RUS"]
[Date "2018.12.27"]
[Round "7.35"]
[White "Maletina, Tatiana"]
[Black "Romanovskaya, Anna"]
[Result "0-1"]
[WhiteTitle "WIM"]
[BlackTitle "WFM"]
[WhiteElo "2270"]
[BlackElo "2210"]
[WhiteFideId "24145084"]
[BlackFideId "4164725"]
[EventDate "2018.12.26"]

1. d4 g6 2. e4 Bg7 3. c4 d6 4. Nc3 e5 5. Be3 exd4 6. Bxd4 Nf6 7. Qd2 O-O 8. f3
a6 9. Nge2 Nc6 10. Be3 Ne5 11. Nd4 c6 12. Be2 d5 13. cxd5 cxd5 14. O-O dxe4 15.
fxe4 Nfg4 16. Rad1 Nxe3 17. Qxe3 Qh4 18. Nd5 Ng4 19. Qg3 Qxg3 20. hxg3 h5 21. b3
Be5 22. Nc2 Bxg3 23. Bxg4 hxg4 24. Nce3 Be6 25. Nxg4 Kg7 26. Nde3 Rad8 27. Nh2
Rfe8 28. Nf3 f6 29. Rxd8 Rxd8 30. Rd1 Rc8 31. Nf1 Bf4 32. g3 Bb8 33. Kg2 Rc3 34.
Nd4 Bg4 35. Rd2 Be5 36. Ne2 Rc8 37. Ne3 Be6 38. Nf4 Bf7 39. Rd7 b5 40. b4 Kf8
41. Ra7 Bd4 42. Rxf7+ Kxf7 43. Ned5 Rc2+ 44. Kh3 Rxa2 45. Nd3 Re2 46. Nc7 Rxe4
47. Nxa6 Bb6 48. Nb8 Rd4 49. Nf4 Bc7 50. Nc6 Rc4 51. Na7 Bxf4 52. gxf4 Rxb4 53.
Kg3 Rb1 54. Kf3 b4 55. Ke2 b3 56. Kd2 b2 57. Kc2 Ra1 0-1

[Event "World Rapid Women 2018"]
[Site "St Petersburg RUS"]
[Date "2018.12.27"]
[Round "7.36"]
[White "Tomilova, Elena"]
[Black "Utiatskaja, Irina"]
[Result "1-0"]
[WhiteTitle "WIM"]
[BlackTitle "WIM"]
[WhiteElo "2338"]
[BlackElo "2246"]
[WhiteFideId "4162340"]
[BlackFideId "24140848"]
[EventDate "2018.12.26"]

1. d4 Nf6 2. Bg5 Ne4 3. Bf4 c5 4. f3 Qa5+ 5. c3 Nf6 6. d5 Qb6 7. b3 d6 8. e4 g6
9. Nd2 Qc7 10. a4 Bg7 11. Nc4 Nbd7 12. Qd2 Nb6 13. a5 Nxc4 14. Bxc4 O-O 15. Ne2
Bd7 16. O-O b5 17. Bd3 Rfe8 18. Bc2 a6 19. Ra2 Bc8 20. Bh6 Bh8 21. h3 Bb7 22.
Ng3 c4 23. b4 e6 24. dxe6 fxe6 25. f4 d5 26. e5 Nd7 27. Qd1 Nb8 28. Qg4 Bg7 29.
Bxg6 hxg6 30. Qxg6 Qf7 31. Qg4 Kf8 32. Bg5 Nc6 33. f5 Nxe5 34. Qh4 Kg8 35. Raf2
Nd3 36. fxe6 Qxe6 37. Rf6 Bxf6 38. Rxf6 Qe1+ 39. Kh2 Re7 40. Qh6 Rg7 41. Rg6
Rxg6 42. Qxg6+ Kf8 43. Bh6+ Ke7 44. Nf5+ Kd7 45. Qd6+ Ke8 46. Qf8+ Kd7 47. Qf7+
Kc6 48. Qf6+ Kc7 49. Qd6+ Kc8 50. Ne7+ Qxe7 51. Qxe7 1-0

[Event "World Rapid Women 2018"]
[Site "St Petersburg RUS"]
[Date "2018.12.27"]
[Round "7.37"]
[White "Yurasova, Daria"]
[Black "Skripchenko, Almira"]
[Result "0-1"]
[BlackTitle "IM"]
[WhiteElo "2190"]
[BlackElo "2408"]
[WhiteFideId "34146919"]
[BlackFideId "13900145"]
[EventDate "2018.12.26"]

1. d4 d6 2. c4 e5 3. Nf3 e4 4. Nfd2 f5 5. e3 Nf6 6. Be2 c6 7. Nc3 d5 8. b3 Be6
9. Bb2 Be7 10. Qc2 O-O 11. O-O Kh8 12. a3 Nbd7 13. b4 Bd6 14. b5 Ng4 15. Bxg4
fxg4 16. cxd5 cxd5 17. Qb3 Rf5 18. Ncxe4 Bxh2+ 19. Kxh2 Qh4+ 20. Kg1 Rh5 21. f3
g3 22. Nxg3 Qxg3 23. Qd3 Qh2+ 24. Kf2 Rg5 25. Rg1 Bh3 26. Qf1 Nf6 27. Ke1 Bxg2
28. Qf2 Rf8 29. Rc1 h6 30. Rc5 b6 31. Rc2 Qh3 32. Qe2 Nh5 33. f4 Rg3 34. Kd1 Be4
35. Re1 Bxc2+ 36. Kxc2 Re8 37. Nf1 Rg2 0-1

[Event "World Rapid Women 2018"]
[Site "St Petersburg RUS"]
[Date "2018.12.27"]
[Round "7.38"]
[White "Sviridova, Vlada"]
[Black "Charochkina, Daria"]
[Result "1-0"]
[WhiteTitle "WFM"]
[BlackTitle "IM"]
[WhiteElo "2144"]
[BlackElo "2344"]
[WhiteFideId "24109606"]
[BlackFideId "4180917"]
[EventDate "2018.12.26"]

1. d4 f5 2. g3 Nf6 3. Bg2 e6 4. c4 d5 5. Nf3 c6 6. O-O Bd6 7. Nc3 O-O 8. Qc2 Ne4
9. Rb1 a5 10. a3 Nd7 11. b4 axb4 12. axb4 Nxc3 13. Qxc3 Nf6 14. c5 Bc7 15. Ne5
Bd7 16. f3 Be8 17. Be3 Nh5 18. Bf2 g5 19. e3 f4 20. exf4 gxf4 21. g4 Nf6 22. Ra1
Rxa1 23. Rxa1 Bxe5 24. dxe5 Nd7 25. Qe1 Qg5 26. Bd4 h5 27. h4 Qg6 28. g5 Qd3 29.
Qc3 Qxc3 30. Bxc3 b6 31. Bh3 Kf7 32. Ra7 bxc5 33. bxc5 Ke7 34. Ba5 Bg6 35. Bc7
Ke8 36. Bxe6 Nxc5 37. Bh3 Nd7 38. Bxd7+ 1-0

[Event "World Rapid Women 2018"]
[Site "St Petersburg RUS"]
[Date "2018.12.27"]
[Round "7.39"]
[White "Petrova, Irina"]
[Black "Vo, Thi Kim Phung"]
[Result "1-0"]
[WhiteTitle "WIM"]
[BlackTitle "WGM"]
[WhiteElo "2124"]
[BlackElo "2352"]
[WhiteFideId "14124122"]
[BlackFideId "12401838"]
[EventDate "2018.12.26"]

1. d4 Nf6 2. Bg5 Ne4 3. Bf4 d5 4. e3 c5 5. f3 Qa5+ 6. c3 Nf6 7. Nd2 cxd4 8. exd4
Nc6 9. Bd3 Qb6 10. Qb3 Qxb3 11. axb3 Nh5 12. Be3 e5 13. dxe5 Nxe5 14. Bc2 a6 15.
Ne2 Bd7 16. Kf2 Bd6 17. g4 Nf6 18. Nf4 Bc6 19. h3 Ng6 20. Ne2 O-O 21. Nd4 Bf4
22. Rhe1 Bd7 23. Nf5 Bc7 24. b4 Rfe8 25. Nb3 Nf4 26. h4 Ne6 27. Nc5 Bc6 28. Nd4
Nxd4 29. Bxd4 Nd7 30. Bf5 Ne5 31. Bxe5 Rxe5 32. Bd7 Rxe1 33. Rxe1 Bxd7 34. Nxd7
Rd8 35. Nc5 b6 36. Nxa6 Bd6 37. b5 Kf8 38. h5 h6 39. Re2 f6 40. Ke1 Kf7 41. Kd2
Bf4+ 42. Kd3 Bd6 43. Kc2 d4 44. c4 d3+ 45. Kxd3 Be5+ 46. Kc2 Rd4 47. b3 Rf4 48.
Re3 Bd6 49. Rd3 Ke6 50. Re3+ Kd7 51. Kc3 Be5+ 52. Kb4 Rd4 53. Kc3 Rf4+ 54. Kd3
Bd6 55. Ke2 f5 56. gxf5 Rxf5 57. b4 Rxh5 58. Rd3 Ke6 59. Rc3 Rh2+ 60. Kf1 Rb2
61. c5 bxc5 62. bxc5 Be5 63. Re3 Kd5 64. b6 Bf4 65. Re4 g5 66. Nb4+ Rxb4 67.
Rxb4 Bb8 68. Ra4 Kc6 69. Re4 Kd7 70. Kg2 h5 71. Rd4+ Kc6 72. Rd8 Bf4 73. Rc8+
Kb7 74. Rh8 h4 75. Rh6 Be3 76. Rh7+ Kb8 77. Rc7 Bf4 78. Rg7 Be3 79. c6 Bxb6 80.
Rb7+ 1-0

[Event "World Rapid Women 2018"]
[Site "St Petersburg RUS"]
[Date "2018.12.27"]
[Round "7.40"]
[White "Vega Gutierrez, Sabrina"]
[Black "Chernyak, Viktoria"]
[Result "1-0"]
[WhiteTitle "IM"]
[BlackTitle "WFM"]
[WhiteElo "2390"]
[BlackElo "2186"]
[WhiteFideId "2219026"]
[BlackFideId "24165956"]
[EventDate "2018.12.26"]

1. e4 c5 2. Nf3 g6 3. d4 cxd4 4. Nxd4 Nc6 5. c4 Nf6 6. Nc3 d6 7. Be2 Bg7 8. Be3
O-O 9. O-O Bd7 10. h3 a5 11. Ndb5 a4 12. a3 Qa5 13. f4 Rfc8 14. Qe1 Qd8 15. Qf2
Qf8 16. Rad1 Na5 17. e5 Ne8 18. c5 Bxb5 19. Bxb5 dxe5 20. Nxa4 exf4 21. Bxf4 Rd8
22. Nb6 e5 23. Bg5 f6 24. Nxa8 Rxa8 25. Bxe8 Qxe8 26. Bxf6 Bf8 27. b4 Nc6 28.
Qa2+ Qf7 29. Qxf7+ Kxf7 30. Bxe5+ Ke6 31. Bb2 Bh6 32. Rd6+ 1-0

[Event "World Rapid Women 2018"]
[Site "St Petersburg RUS"]
[Date "2018.12.27"]
[Round "7.41"]
[White "Murashova, Ekaterina"]
[Black "Goltseva, Ekaterina"]
[Result "1-0"]
[WhiteTitle "WIM"]
[BlackTitle "WFM"]
[WhiteElo "2259"]
[BlackElo "2153"]
[WhiteFideId "4171985"]
[BlackFideId "24173770"]
[EventDate "2018.12.26"]

1. e4 e5 2. Nf3 Nc6 3. Bc4 Nf6 4. d3 Be7 5. O-O O-O 6. a3 d6 7. Nc3 Bg4 8. Be3
Nd4 9. Bxd4 exd4 10. Nd5 Nd7 11. h3 Bxf3 12. Qxf3 Ne5 13. Qe2 Nxc4 14. dxc4 c6
15. Nxe7+ Qxe7 16. Rfe1 Rae8 17. Qd3 Qe5 18. Rad1 c5 19. Re2 Re6 20. Rde1 Rfe8
21. g3 Qh5 22. Kg2 f5 23. Qf3 Qxf3+ 24. Kxf3 fxe4+ 25. Rxe4 Rf6+ 26. Kg2 Rxe4
27. Rxe4 Kf7 28. f4 h5 29. b4 b6 30. b5 Rh6 31. Kf3 Rh8 32. f5 Rd8 33. Re6 d5
34. cxd5 Rxd5 35. Ke4 Rd7 36. Kd3 Rd5 37. g4 hxg4 38. hxg4 Rd8 39. a4 Rh8 40. a5
Rh3+ 41. Kd2 bxa5 42. Rc6 Rh2+ 43. Kd3 Rh3+ 44. Kd2 Rc3 45. g5 a4 46. Rc7+ Kf8
47. Rxa7 Rc4 48. b6 Rb4 49. b7 a3 50. Ra8+ Ke7 51. b8=Q Rxb8 52. Rxb8 1-0

[Event "World Rapid Women 2018"]
[Site "St Petersburg RUS"]
[Date "2018.12.27"]
[Round "7.42"]
[White "Shafigullina, Zarina"]
[Black "Gevorgyan, Maria"]
[Result "1-0"]
[WhiteTitle "WFM"]
[BlackTitle "WIM"]
[WhiteElo "2140"]
[BlackElo "2228"]
[WhiteFideId "24174220"]
[BlackFideId "13300270"]
[EventDate "2018.12.26"]

1. d4 d5 2. Nf3 Nf6 3. g3 e6 4. Bg2 Be7 5. O-O O-O 6. c4 dxc4 7. Ne5 Nc6 8. Nxc6
bxc6 9. Na3 Bxa3 10. bxa3 a5 11. Bb2 Nd5 12. Qa4 c3 13. Bc1 Ba6 14. Qxc6 Bxe2
15. Re1 Ra6 16. Qc5 Bd3 17. a4 Qd7 18. Ba3 Rd8 19. Rad1 Bf5 20. h3 h5 21. Kh2 c2
22. Rd2 Qxa4 23. Bxd5 exd5 24. Re5 Bg6 25. Qxc7 Rda8 26. Bc1 Qxa2 27. f4 Qb1 28.
f5 Qxc1 29. Rxc2 Qf1 30. fxg6 Rxg6 31. Rxh5 Qf3 32. Qc8+ 1-0